00437 a2200121 4500020001500000082001300015100002200028245011700050260004500167300002700212500002000239651005600259 a0865314454 a958.104410aHammond, Thomas T10aRed flag over Afghanistanb: the Communist coup, the Soviet invasion, and the consequencesc/ Thomas T. Hammond. aBoulder, Colo.b: Westview Press,c1984. axvii, 262 p.c; 24 cm. aIncludes index. 0aAfghanistanxHistoryySoviet Occupation, 1979-1989.